Juegos predeportivos en grupo

Gespeichert in:
Bibliographische Detailangaben
1. Verfasser: Löscher, Arndt (autor)
Format: Buch
Sprache:Spanisch
Veröffentlicht: Barcelona Paidotribo 1995
Schriftenreihe:Colección Pedagogías Corporales
Schlagworte:
Tags: Tag hinzufügen
Keine Tags, Fügen Sie den ersten Tag hinzu!

MARC

LEADER 00000nam a2200000 a 4500
001 UCZ4023
003 CL-VaPUC
008 951106e19950000SP |||||||||||||||||spa|d
082 0 4 |a 796.1  |b LOS  |2 21 
100 |a Löscher, Arndt  |e autor  |9 552219 
245 1 0 |a Juegos predeportivos en grupo 
300 |a 117 p 
942 |c BK 
945 |d 19951106 00:00:00  |a rbrito 
260 |a Barcelona  |b Paidotribo  |c 1995 
650 0 |a Deportes  |9 224367 
650 0 |a Juegos infantiles  |9 307365 
650 7 |a TRABAJO EN GRUPO  |2 CL-VaPUC  |9 347891 
650 0 |a Métodos de enseñanza  |9 270413 
650 0 |a Educación física  |9 240893 
650 7 |a EQUIPO DEPORTIVO  |2 CL-VaPUC  |9 334650 
583 |a last modification  |c 19951106 00:00:00  |k Rodrigo Vera 
490 0 |a Colección Pedagogías Corporales 
999 |c 240461  |d 240459 
952 |0 0  |1 0  |4 0  |6 796_100000000000000_LOS_1995  |7 0  |8 A  |9 252343  |a BIBEDU  |b BIBEDU  |d 2019-11-18  |i 3145867  |o 796.1 LOS 1995  |p 3145867  |r 2019-11-18  |w 2019-11-18  |y BK  |k EFI